000 00414nam a22001577a 4500
005 20240212054551.0
008 240212b |||||||| |||| 00| 0 eng d
020 _a1859584926
082 _222
_a306.74.
_bGEO.
100 _aScott Ryley George .
245 _aThe History of prostitution :
260 _a London :
_bLadies of vice by tallis press Ltd.,
_c1968.
300 _a187 p.,
650 _aSocial.
942 _cL
999 _c373
_d373